000 00327nam a22001577a 4500
003 SGT
020 _a9789386546524
082 _a635
_bPET
100 _aPETER, K.V.
245 _aBASICS OF HORTICULTURE
250 _a3RD
260 _aINDIA
_bNEWINDIA
_c2018
300 _a795
650 _aHORTICULTURE
942 _2ddc
_cBK
999 _c25788
_d25788